|
|
|
|
| LEADER |
01442nam a22003734a 4500 |
| 001 |
EBC351388 |
| 003 |
MiAaPQ |
| 005 |
20200520144314.0 |
| 006 |
m o d | |
| 007 |
cr cn||||||||| |
| 008 |
021227s2003 enka sb 001 0 eng |
| 020 |
|
|
|z 063206465X
|
| 035 |
|
|
|a (MiAaPQ)EBC351388
|
| 035 |
|
|
|a (Au-PeEL)EBL351388
|
| 035 |
|
|
|a (CaPaEBR)ebr10232579
|
| 035 |
|
|
|a (CaONFJC)MIL131862
|
| 035 |
|
|
|a (OCoLC)437218646
|
| 040 |
|
|
|a MiAaPQ
|c MiAaPQ
|d MiAaPQ
|
| 050 |
|
4 |
|a HC79.C3
|b P83 2003
|
| 082 |
0 |
4 |
|a 658.15/5
|2 21
|
| 245 |
0 |
0 |
|a Public-private partnerships
|h [electronic resource] :
|b managing risks and opportunities /
|c edited by Akintola Akintoye, Matthias Beck, and Cliff Hardcastle.
|
| 260 |
|
|
|a Oxford, OX, UK ;
|a Malden, MA, USA :
|b Blackwell Science,
|c 2003.
|
| 300 |
|
|
|a xxiv, 422 p. :
|b ill.
|
| 504 |
|
|
|a Includes bibliographical references and index.
|
| 533 |
|
|
|a Electronic reproduction. Ann Arbor, MI : ProQuest, 2015. Available via World Wide Web. Access may be limited to ProQuest affiliated libraries.
|
| 650 |
|
0 |
|a Infrastructure (Economics)
|x Management.
|
| 650 |
|
0 |
|a Risk management.
|
| 650 |
|
0 |
|a Public-private sector cooperation.
|
| 655 |
|
4 |
|a Electronic books.
|
| 700 |
1 |
|
|a Akintoye, Akintola.
|
| 700 |
1 |
|
|a Beck, Matthias,
|d 1964-
|
| 700 |
1 |
|
|a Hardcastle, Cliff.
|
| 710 |
2 |
|
|a ProQuest (Firm)
|
| 856 |
4 |
0 |
|u https://ebookcentral.proquest.com/lib/matrademy/detail.action?docID=351388
|z Click to View
|